000 00512nam a2200181Ia 4500
001 13591
003 GE_BSU
008 181216s||||||||xx |||||||||||||| ||und||
040 _cGE_BSU
245 _aВопросы языкознания, №5.2014. Сентябрь-Октябрь
245 _cгл.ред.Т.М.Николаева и др.
260 _aМосква
260 _bНаука
260 _c2014
300 _a160стр.26см.
653 _aВопросы языкознания
942 _cCR
999 _c46747
_d46747